| 000 | 00623nam a2200193 a 4500 | ||
|---|---|---|---|
| 001 | 1964 | ||
| 005 | 20140414131950.0 | ||
| 008 | 040625s19uu xx 00 eng d | ||
| 020 | _a0-385-48119-5 | ||
| 050 |
_aTR 372.19 _bW53 1997 |
||
| 245 |
_aMy 1st grader needs to know : _bfundamentals of a good first-grade education / _cedited by E. D. Hirsch, Jr. |
||
| 250 | _arev. ed. | ||
| 260 |
_aNew York : _bDoubleday, _c1997. |
||
| 300 | _a342 p. ; cm. | ||
| 440 | _aThe Core Knowledge. | ||
| 650 |
_aFirst grade (Education) _xUnited States _xCurricula. |
||
| 650 |
_aCurriculum planning _xUnited States. |
||
| 999 |
_c112771 _d112771 |
||